Statistics for All 'Stan' Countries

Click here to take the quiz!

General Stats

  • This quiz has been taken 777 times
  • The average score is 7 of 7

Answer Stats

Answer% Correct
Pakistan
99%
Kazakhstan
98%
Afghanistan
97%
Uzbekistan
97%
Turkmenistan
95%
Kyrgyzstan
94%
Tajikistan
94%

Score Distribution

Percentile by Number Answered

Percent of People with Each Score

Your Score History

You have not taken this quiz